000 00437nam a2200157 a 4500
001 000035571
005 20200930074436.0
008 111103s1989 nyua 000 0 spa d
020 _a0866361049
040 _aDO-SdBNP
_bspa
_cBNPHU
082 _axxx
_bM894d
100 1 _aMosberg, Stewart
_961472
245 1 0 _aPackaging /
_cStewart Mosberg.
260 _aGlen Cove, N.Y. :
_bPBC International,
_c1989.
300 _a179 p. :
_bil. ;
_c29 cm.
999 _c35062
_d35062